Blockchain a Corporate Governance
Technológia blockchain a jej využitie v podmienkach bežných spoločností s presahom na zlepšenie prostredia Corporate Governance. Blockchain je v prvom rade nová technológia, ktorá sa veľmi rýchlo rozvíja a s týmto rozvojom sú spojené aj stále nové a nové formy jej využitia. História jej použitia...
Guardado en:
| Autor principal: | |
|---|---|
| Formato: | Capítulo de libro |
| Lenguaje: | eslovaco |
| Materias: | |
| Etiquetas: |
Sin Etiquetas, Sea el primero en etiquetar este registro!
|
MARC
| LEADER | 00000naa$a2200000$$$4500 | ||
|---|---|---|---|
| 001 | 0249481 | ||
| 005 | 20181211140501.9 | ||
| 041 | 0 | |a slo | |
| 044 | |a SK | ||
| 245 | 1 | 0 | |a Blockchain a Corporate Governance |c Martin Peter |
| 520 | |a Technológia blockchain a jej využitie v podmienkach bežných spoločností s presahom na zlepšenie prostredia Corporate Governance. Blockchain je v prvom rade nová technológia, ktorá sa veľmi rýchlo rozvíja a s týmto rozvojom sú spojené aj stále nové a nové formy jej využitia. História jej použitia je spätá najmä s virtuálnou menou Bitcoin. V roku 2008 Satoshi Nakamoto, doteraz neznámy tvorca Bitcoinu, priviedol túto technológiu prvýkrát do praxe a spojil tak dovtedy čiastkové a teoretické možnosti využitia blockchainu do komplexného riešenia vykonávania transakcií. | ||
| 610 | 2 | 0 | |a mena virtuálna |
| 610 | 2 | 0 | |a technológie nové |
| 610 | 2 | 0 | |a správa podniku |
| 610 | 2 | 0 | |a transparentnosť |
| 610 | 2 | 0 | |a bezpečnosť informačná |
| 100 | 1 | |a Peter, Martin | |